000 00376pab a2200157 454500
008 180718b1971 xxu||||| |||| 00| 0 eng d
100 _aSinghvi, G.C.
245 _aNational planning and police
260 _c1971
300 _ap.745-753.
362 _aOct-Dec
650 _aPolice
773 _aIndian Journal of Public Administration
908 _aN
909 _a100017
999 _c100016
_d100016